Careers in engineering and technology / (Record no. 194234)
[ view plain ]
| 000 -LEADER | |
|---|---|
| fixed length control field | 01009 a2200193 4500 |
| 003 - CONTROL NUMBER IDENTIFIER | |
| control field | Nust |
| 005 - DATE AND TIME OF LATEST TRANSACTION | |
| control field | 20221017111749.0 |
| 020 ## - INTERNATIONAL STANDARD BOOK NUMBER | |
| International Standard Book Number | 0023071702 |
| 040 ## - CATALOGING SOURCE | |
| Transcribing agency | Nust |
| 082 ## - DEWEY DECIMAL CLASSIFICATION NUMBER | |
| Classification number | 620,BEA |
| 100 ## - MAIN ENTRY--PERSONAL NAME | |
| Personal name | Beakley, George C. |
| 245 ## - TITLE STATEMENT | |
| Title | Careers in engineering and technology / |
| Statement of responsibility, etc. | George C. Beakley |
| 250 ## - EDITION STATEMENT | |
| Edition statement | 2nd ed. |
| 260 ## - PUBLICATION, DISTRIBUTION, ETC. | |
| Place of publication, distribution, etc. | New York |
| Name of publisher, distributor, etc. | Macmillan |
| Date of publication, distribution, etc. | c1979. |
| 300 ## - PHYSICAL DESCRIPTION | |
| Extent | 353 p. |
| 505 ## - FORMATTED CONTENTS NOTE | |
| Formatted contents note | Engineering (Page-3), The Technological Team (Page-22), The Spectrum of Engineering Work Opportunities (Page-33), Career Fields in Engineering and Technology (Page-50), Professional Responsibilities (Page-71), Developing Study Habits (Page-80), Spoken and Written Comm. (Page-96), Technical Sketching (Page-111), Presentation of Technical Calculations (Page-159), The Metric and other Unit Systems (Page-174), Statistics and Graphical Analysis (Page-193), Engineering Analysis (Page-221), The Engineering Design Process (Page-301). |
| 650 ## - SUBJECT ADDED ENTRY--TOPICAL TERM | |
| Topical term or geographic name entry element | Engineering -- Vocational guidance. |
| 9 (RLIN) | 61817 |
| 942 ## - ADDED ENTRY ELEMENTS (KOHA) | |
| Source of classification or shelving scheme | |
| Koha item type | Book |
| Withdrawn status | Lost status | Source of classification or shelving scheme | Damaged status | Not for loan | Permanent Location | Current Location | Shelving location | Date acquired | Full call number | Barcode | Date last seen | Price effective from | Koha item type | Public note |
|---|---|---|---|---|---|---|---|---|---|---|---|---|---|---|
| Military College of Signals (MCS) | Military College of Signals (MCS) | General Stacks | 12/12/2016 | 620,BEA | MCS6582 | 12/08/2016 | 12/12/2016 | Book | Almirah No.26, Shelf No.4 |
